000
00269nam a2200109Ia 4500
001
587533
005
20250717113817.0
008
250717s9999 xx 000 0 und d
245
0
_a
X-12 İLK RESİMLİ ATLASIM
_c
KOMİSYON
260
_b
BETA YAYINLARI
_c
2020
300
_b
32
999
_c
587533
_d
587533